Jaka jest waluta w tym państwie? - Statystyki

Ogólne statystyki
  • Ten quiz został rozwiązany 47 razy
  • Średni wynik to 6 z 20
Statystyki odpowiedzi
Państwo Waluta % Poprawnych
Tajlandia Bat
100%
Wyspy Świętego Tomasza i Książęce Dobra
100%
Holandia Euro
100%
Łotwa Euro
100%
Monako Euro
100%
Niemcy Euro
100%
Słowacja Euro
100%
Wybrzeże kości słoniowej Frank CFA
100%
Szwajcaria Frank Szwajcarski
100%
Japonia Jen
100%
Chorwacja Kuna
100%
Albania Lek
100%
Argentyna Peso Argentyńskie
100%
Kolumbia Peso Kolumbijskie
100%
RPA Rand
100%
Białoruś Rubel Białoruski
100%
Korea Północna Won Północnokoreański
100%
Libia Dinar Libijski
50%
Ukraina Hrywna
50%
Mongolia Tugrik
50%
Chiny Yuan
50%
Afganistan Afgani
0%
Madagaskar Ariary
0%
Panama Balboa
0%
Etiopia Birr
0%
Wenezuela Boliwar Soberano
0%
Boliwia Boliwiano
0%
Ghana Cedi
0%
Kostaryka Colon
0%
Nikaragua Cordoba
0%
Gambia Dalasi
0%
Macedonia Denar Macedoński
0%
Algieria Dinar Algierski
0%
Bahrajn Dinar Bahrajski
0%
Irak Dinar Iracki
0%
Jordania Dinar Jordański
0%
Kuwejt Dinar Kuwejcki
0%
Serbia Dinar Serbski
0%
Tunezja Dinar Tunezyjski
0%
Zjednoczone Emiraty Arabskie Dirham
0%
Maroko Dirham Marokański
0%
Ekwador Dolar Amerykański
0%
Mikronezja Dolar Amerykański
0%
Palau Dolar Amerykański
0%
Salwador Dolar Amerykański
0%
USA Dolar Amerykański
0%
Timor Wschodni Dolar Amerykański
0%
Wyspy Marshalla Dolar Amerykański
0%
Australia Dolar Australijski
0%
Nauru Dolar Australijski
0%
Tuvalu Dolar Australijski
0%
Bahamy Dolar Bahamski
0%
Barbados Dolar Barbadosu
0%
Belize Dolar Belizeński
0%
Brunei Dolar Brunejski
0%
Fidżi Dolar Fidżi
0%
Gujana Dolar Gujański
0%
Jamajka Dolar Jamajski
0%
Kanada Dolar Kanadyjski
0%
Kiribati Dolar Kiribati/Dolar Australijski
0%
Liberia Dolar Liberyjski
0%
Namibia Dolar Namibijski
0%
Nowa Zelandia Dolar Nowozelandzki
0%
Singapur Dolar Singapurski
0%
Surinam Dolar Surinamski
0%
Trynidad i Tobago Dolar Trynidadu i Tobago
0%
Antigua i Barbuda Dolar Wschodniokaraibski
0%
Dominika Dolar Wschodniokaraibski
0%
Grenada Dolar Wschodniokaraibski
0%
Saint Kitts i Nevis Dolar Wschodniokaraibski
0%
Saint Lucia Dolar Wschodniokaraibski
0%
Sint Vincent i Grenadyny Dolar Wschodniokaraibski
0%
Zimbabwe Dolar Zimbabwe
0%
Wietnam Dong
0%
Armenia Dram
0%
Republika Zielonego Przylądka Escudo Republiki Zielonego Przylądka
0%
Andora Euro
0%
Austria Euro
0%
Belgia Euro
0%
Cypr Euro
0%
Czarnogóra Euro
0%
Estonia Euro
0%
Finlandia Euro
0%
Francja Euro
0%
Grecja Euro
0%
Hiszpania Euro
0%
Irlandia Euro
0%
Litwa Euro
0%
Luksemburg Euro
0%
Malta Euro
0%
Portugalia Euro
0%
San Marino Euro
0%
Słowenia Euro
0%
Watykan Euro
0%
Włochy Euro
0%
Węgry Forint
0%
Burundi Frank Burundyjski
0%
Benin Frank CFA
0%
Burkina Faso Frank CFA
0%
Czad Frank CFA
0%
Gabon Frank CFA
0%
Gwinea Bissau Frank CFA
0%
Gwinea Równikowa Frank CFA
0%
Kamerun Frank CFA
0%
Kongo Frank CFA
0%
Mali Frank CFA
0%
Niger Frank CFA
0%
Republika Środkowoafrykańska Frank CFA
0%
Senegal Frank CFA
0%
Togo Frank CFA
0%
Dżibuti Frank Dżibutyjski
0%
Gwinea Frank Gwinejski
0%
Komory Frank Komoryjski
0%
Demokratyczna Republika Konga Frank Kongijski
0%
Rwanda Frank Rwandyjski
0%
Lichtenstein Frank Szwajcarski
0%
Egipt Funt Egipski
0%
Liban Funt Libański
0%
Sudan Południowy Funt Połodniowosudański
0%
Sudan Funt Sudański
0%
Syria Funt Syryjski
0%
Wielka Brytania Funt Szterling
0%
Haiti Gourde
0%
Paragwaj Guarani
0%
Mjanma Kiat
0%
Papua Nowa-Gwinea Kina
0%
Laos Kip
0%
Czechy Korona Czeska
0%
Dania Korona Duńska
0%
Islandia Korona Irlandzka
0%
Norwegia Korona Norweska
0%
Szwecja Korona Szwedzka
0%
Malawi Kwacha
0%
Zambia Kwacha
0%
Angola Kwanza
0%
Gruzja Lari
0%
Rumunia Lej
0%
Mołdawia Lej Mołdawski
0%
Honduras Lempira
0%
Sierra Leone Leone
0%
Bułgaria Lew
0%
Eswatini Lilangeni
0%
Turcja Lira Turecka
0%
Lesotho Loti
0%
Azerbejdżan Manat Azerbejdżański
0%
Turkmenistan Manat Turkmeński
0%
Bośnia i Hercegowina Marka Zamienna
0%
Mozambik Metical
0%
Nigeria Naira
0%
Erytrea Nakfa
0%
Bhutan Ngultrum/Rupia Indyjska
0%
Izrael Nowy Izraelski Szekel
0%
Tonga Paʻanga
0%
Meksyk Peso
0%
Chile Peso Chilijskie
0%
Dominikana Peso Dominikańskie
0%
Filipiny Peso Filipińskie
0%
Kuba Peso Kubańskie
0%
Urugwaj Peso Urugwajskie
0%
Botswana Pula
0%
Gwatemala Quetzal
0%
Brazylia Real Brazylijski
0%
Iran Rial Irański
0%
Jemen Rial Jemeński
0%
Katar Rial Katarski
0%
Oman Rial Omański
0%
Arabia Saudyjska Rial Saudyjski
0%
Kambodża Riel Kambodżański
0%
Malezja Ringgit
0%
Rosja Rubel Rosyjski
0%
Indonezja Rupia Indonezyjska
0%
Indie Rupia Indyjska
0%
Sri Lanka Rupia Lankijska
0%
Malediwy Rupia Malediwska
0%
Mauritius Rupia Maurytyjska
0%
Nepal Rupia Nepalska
0%
Pakistan Rupia Pakistańska
0%
Seszele Rupia Seszelska
0%
Peru Sol
0%
Kirgistan Som
0%
Tadżykistan Somoni
0%
Uzbekistan Sum
0%
Kenia Szyling Kenijski
0%
Somalia Szyling Somalijski
0%
Tanzania Szyling Tanzański
0%
Uganda Szyling Ugandyjski
0%
Bangladesz Taka
0%
Samoa Tala
0%
Kazachstan Tenge
0%
Mauretania Ugija
0%
Vanuatu Vatu
0%
Korea Południowa Won Południowokoreański
0%
Polska Złoty
0%
Nie znaleziono quizów pasujących do podanych kryteriów
Rozkład punktacji
Procent ludzi z każdym wynikiem
Percentyl według liczby udzielonych odpowiedzi
Twoja historia wyników
Nie rozwiązałeś tego quizu